LEADER 00807nam0 2200277 450 001 000030025 005 20140509131053.0 010 $a978-88-15-13841-5 100 $a20140509d2010----km-y0itay50------ba 101 0 $aita 102 $aIT 105 $ay-------001yy 200 1 $aDemografia$fGustavo De Santis 210 $aBologna$cIl Mulino$d2010 215 $a341 p.$d24 cm. 225 2 $aManuali. Scienze sociali 410 0$12001$aManuali. Scienze sociali 500 10$aDemografia$940696 610 1 $aDemografia 676 $a340.60723$v23$9Popolazione. Metodologia dell'indagine 700 1$aDe Santis,$bGustavo$0106064 801 0$aIT$bUNIPARTHENOPE$c20140509$gRICA$2UNIMARC 912 $a000030025 951 $a340-D/8$b45067$cNAVA1$d2014 996 $aDemografia$940696 997 $aUNIPARTHENOPE LEADER 01100nam0 22002531i 450 001 UON00094007 005 20231205102524.322 100 $a20020107d1992 |0itac50 ba 101 $aita 102 $aIT 105 $a|||| 1|||| 200 1 $aMILANO in età imperiale I-III secolo$eAtti del Convegno di studi 7 novembre 1992 Milano$fComune di Milano$gSettore Cultura e Spettacolo Civiche Raccolte Archeologiche 210 $aMilano$cComune di Milano$d1992 124 p. ; 28 cm. 316 $aSENA CHIESA$5IT-UONSI N 2MILANO006 620 $aIT$dMilano$3UONL000005 686 $aX3$cMISCELLANEE AUTORI VARI$2A 712 02$aMILANO$bSettore Cultura e Spettacolo$3UONV059866 712 $aComune di Milano$3UONV259593$4650 801 $aIT$bSOL$c20240220$gRICA 899 $aSIBA - SISTEMA BIBLIOTECARIO DI ATENEO$2UONSI 912 $aUON00094007 950 $aSIBA - SISTEMA BIBLIOTECARIO DI ATENEO$dSI N 2 MILANO 006 $eSI MC 21137 5 SENA CHIESA 996 $aMILANO in età imperiale I-III secolo$91305116 997 $aUNIOR LEADER 02455nam0 2200517 i 450 001 VAN00102504 005 20240806100720.438 010 $a978-08-17-64961-6 017 70$2N$a978-0-8176-4962-3 100 $a20150908d2014 |0itac50 ba 101 $aeng 102 $aUS 105 $a|||| ||||| 200 1 $aRobust output LQ optimal control via integral sliding modes$fLeonid Fridman, Alexander Poznyak, Francisco Javier Bejarano 210 $aNew York [etc.]$cBirkhäuser ; Springer$d2014 215 $aXII, 149 p.$cill.$d24 cm 410 1$1001VAN00044798$12001 $aSystems & control: foundations & applications$1210 $aBoston [etc.]$cBirkhäuser$d1989- 500 1$3VAN00239455$aRobust output LQ optimal control via integral sliding modes$91410557 606 $a49K35$xOptimality conditions for minimax problems [MSC 2020]$3VANC030968$2MF 606 $a49Kxx$xOptimality conditions [MSC 2020]$3VANC025070$2MF 606 $a90C47$xMinimax problems in mathematical programming [MSC 2020]$3VANC030967$2MF 606 $a93B07$xObservability [MSC 2020]$3VANC022394$2MF 606 $a93B12$xVariable structure systems [MSC 2020]$3VANC030966$2MF 606 $a93C73$xPerturbations in control/observation systems [MSC 2020]$3VANC022854$2MF 610 $aIntegral sliding modes$9KW:K 610 $aLinear quadratic optimal control$9KW:K 610 $aMulti-plant systems$9KW:K 610 $aOptimal Control$9KW:K 610 $aRiccati equation$9KW:K 610 $aRobust Control$9KW:K 610 $aRobust maximum principle$9KW:K 610 $aSliding mode control$9KW:K 620 $aUS$dNew York$3VANL000011 700 1$aFridman$bLeonid$3VANV080054$0721770 701 1$aBejarano$bFrancisco Javier$3VANV080056$0721768 701 1$aPoznyak$bAlexander$3VANV080055$0721769 712 $aBirkhäuser $3VANV108193$4650 712 $aSpringer $3VANV108073$4650 801 $aIT$bSOL$c20240906$gRICA 856 4 $uhttp://dx.doi.org/10.1007/978-0-8176-4962-3$zE-book ? Accesso al full-text attraverso riconoscimento IP di Ateneo, proxy e/o Shibboleth 899 $aBIBLIOTECA CENTRO DI SERVIZIO SBA$2VAN15 912 $fN 912 $aVAN00102504 950 $aBIBLIOTECA CENTRO DI SERVIZIO SBA$d15CONS SBA EBOOK 4325 $e15EB 4325 20191106 996 $aRobust output LQ optimal control via integral sliding modes$91410557 997 $aUNICAMPANIA